Statistics for NBA Player to Team That Drafted Him (Part 1)

Click here to take the quiz!

General Stats

  • This quiz has been taken 22 times
  • The average score is 12 of 23

Answer Stats

PlayerAnswer% Correct
Zion WilliamsonPelicans
100%
Derrick RoseBulls
75%
Luka DoncicHawks
75%
Trae YoungMavericks
75%
Russell WestbrookThunder/Supersonics
75%
Brandon IngramLakers
67%
Gordon HaywordJazz
58%
Danilo GallinariKnicks
58%
Jonas ValanciunasRaptors
58%
Malcolm BrogdonBucks
50%
Tristan ThompsonCavaliers
50%
Shai Gilgeous AlexanderHornets
50%
Nicolas ClaxtonNets
50%
Robin LopezSuns
42%
Bojan BogdanovicHeat
33%
Thomas BryantJazz
33%
Kyle KuzmaNets
33%
Pat ConnaughtonNets
33%
Rudy GobertNuggets
33%
Spencer DinwiddiePistons
33%
Bruce BrownPistons
33%
Patty MillsTrail Blazers
33%
Jordan ClarksonWizards
33%

Score Distribution

Percentile by Number Answered

Percent of People with Each Score

Your Score History

You have not taken this quiz